[Event "Mittelfranken-chTB2b 1314"]
[Site "Mittelfranken"]
[Date "2014.05.04"]
[Round "9.8"]
[White "Hollmann, Thomas"]
[Black "Schubert, Dirk"]
[Result "0-1"]
[WhiteElo "1296"]
[BlackElo "1759"]
[PlyCount "94"]
[EventDate "2013.10.20"]
[EventType "team-tourn"]
[EventRounds "9"]
[EventCountry "GER"]
[SourceTitle "EXT 2020"]
[Source "ChessBase"]
[SourceDate "2019.10.17"]
[SourceVersion "1"]
[SourceVersionDate "2019.10.17"]
[SourceQuality "1"]
[WhiteTeam "Buechenbach/Roth III"]
[BlackTeam "Forchheim III"]
[WhiteTeamCountry "GER"]
[BlackTeamCountry "GER"]

1. e4 c6 2. Nf3 d5 3. Nc3 dxe4 4. Nxe4 Bf5 5. Ng3 Bg6 6. Bc4 e6 7. 0-0 Bd6 8. Re1 Nf6 9. Bxe6 fxe6 10. Rxe6+ Kf8 11. d3 Bf7 12. Ng5 Bxg3 13. hxg3 h6 14. Nxf7 Kxf7 15. Qe2 Re8 16. Re3 Nbd7 17. Bd2 Qb6 18. Bc3 Rxe3 19. Qxe3 Qxe3 20. fxe3 Nd5 21. Rf1+ Kg8 22. Bd2 Rf8 23. e4 Rxf1+ 24. Kxf1 N5f6 25. Ke2 Kf7 26. Kf3 g5 27. Bc3 c5 28. Bd2 Ne5+ 29. Ke2 Nc6 30. a3 Nd4+ 31. Kd1 Kg6 32. b4 b6 33. Be3 Kh5 34. c3 Ne6 35. Ke2 Kg4 36. Kf2 Nh5 37. d4 cxd4 38. cxd4 Nxg3 39. e5 Nf5 40. d5 Nxe3 41. Kxe3 Kf5 42. dxe6 Kxe6 43. Ke4 h5 44. b5 h4 45. a4 g4 46. Kf4 h3 47. gxh3 gxh3 0-1